00733nam a2200193 a 4500008004100000020001500041050001600056100002200072245004400094260003900138300002300177350000900200500001800209650001200227650004300239995010900282999001700391952013100408120416s1996 ||||||||||||||||| || u a0312161603 aHD 7391 Buc aBuckley, Robert M10aHousing finance in developing countries aNew York :bMacMillan Pressc1996. axii, 208 p. : ill. a0.00 abibliography. aHOUSING aHOUSING--DEVELOPING COUNTRIES--FINANCE D0.00FCBU-MAIN LIBRARY (Kitwe)H1I20.00M1UAVAILABLEWJul 5, 2006ZMain Library Open Access Collection c45727d45727 00102lcc4070a001b001cMain Library Open Access Collectiond2022-11-30l0oHD 7391 Bucp45988r2022-11-30w2022-11-30y002